000 00523nam a2200217Ia 4500
005 20250425162513.0
008 250425s9999 xx 000 0 und d
020 _a0072465239
041 _aeng
082 _a621.31042
100 _aCHAPMAN, STEPHEN J.
245 0 _aELECTRIC MACHINERY FUNDAMENTALS
250 _a4TH ED.
260 _aEstados Unidos
_bMCGRAW-HILL
_c2005
260 _aNEW YORK
300 _a746
500 _a2 EJEMPLARES
650 _aMAQUINARIA ELECTRICA
942 _c01
010 _a78957
999 _c230556
_d230556